geography - Statystyki

Ogólne statystyki
  • Ten quiz został rozwiązany 9 razy
  • Średni wynik to 4 z 9
Statystyki odpowiedzi
Hint Odpowiedź % Poprawnych
stolica argentyny buenos aires
89%
ile państw graniczy z chinami (liczba) 14
67%
stolica turcji ankara
67%
z kim graniczy singapur malezja
67%
czy w liberi jest ciepło? tak
67%
gdy poziom wody się trochę podniesie jaki kraj się zatopi malediwy
44%
najbogatszy człowiek w histori na świecie żył w jakim kraju? mali
33%
najmniejsze państwo bez dostępu do wody andora lichtenstein san marino watykan
0%
państwo w azji i w europie rosja turcja kazachstan
0%
Nie znaleziono quizów pasujących do podanych kryteriów
Rozkład punktacji
Procent ludzi z każdym wynikiem
Percentyl według liczby udzielonych odpowiedzi
Twoja historia wyników
Nie rozwiązałeś tego quizu